Antimatter Dimensions General Knowledge - Reality - Statistics

General Stats
  • This quiz has been taken 10 times
  • The average score is 8 of 10
Answer Stats
Hint Answer % Correct
A feature costing 100 Reality Machines that allows you to speed up your game Black Hole
100%
A currency that you get one of per Reality, allowing you to get upgrades to make Realities easier Perk Points
100%
The Glyph type that empowers Antimatter Dimensions Power
100%
A feature that allows scripts to be run that automate Realities The Automator
100%
How many rows of Achievements are required to unlock Reality? 13
89%
How many Reality upgrades there are 25
89%
What is unlocked by owning all of the Reality Upgrades? Teresa
78%
The upgrade for the above that increases the length of each activation Duration
56%
The Reality Upgrade that allows the above to automatically complete Realities Effortless Existence
56%
The upgrade for the above that reduces time between activations Interval
56%
No matching quizzes found
Score Distribution
Percent of People with Each Score
Percentile by Number Answered
Your Score History
You have not taken this quiz